000 00948nam0a22002291 4500
001 v19\rc\2019026
005 20080925110106.7
035 _a(NLR Aleph) 005099663
090 _a7379337
_c7379337
100 _a20080925d1903 |||y0rusy50 ca
101 0 _arus
102 _aRU
105 _ay dj |||||
200 1 _aО служебном и самостоятельном значении грамматики, как учебного предмета
_eТезисы к реферату Л.В. Щербы, [чит. на Съезде преподавателей рус. яз. в воен.-учеб. заведениях в 1903 г.]
210 _aСанкт-Петербург
_cтип. М.П. Фроловой
_d[1903]
215 _a[2] с.
_d21
700 1 _aЩерба
_bЛ. В.
_f1880-1944
_gЛев Владимирович
801 0 _aRU
_bNLR
_gpsbo
801 1 _aRU
_bProSoft-M
_2rusmarc
852 _aNLR
_j34.82.6.1809
942 _cBOOK
980 _aNB